150 Maiores Cidades do Nordeste Brasileiro em um Mapa - Statistics

Estatísticas Gerais
  • Esse quiz foi jogado 1 314 vezes
  • A pontuação média é 46 de 150
Respostas no mapa
Respostas codificadas por cores de uma escala verde-vermelha no mapa do quiz de acordo com a % correta abaixo.
 
Estatísticas das Respostas
Estado População Cidade % Correto
BA 2.886.698 Salvador
93%
CE 2.686.612 Fortaleza
92%
RN 890.480 Natal
90%
PE 1.653.461 Recife
88%
MA 1.108.975 São Luís
87%
PB 817.511 João Pessoa
86%
PI 868.075 Teresina
86%
AL 1.025.360 Maceió
85%
SE 664.908 Aracaju
83%
BA 619.609 Feira de Santana
74%
BA 218.162 Juazeiro
73%
CE 276.264 Juazeiro do Norte
73%
PE 393.115 Olinda
70%
PB 411.807 Campina Grande
69%
PE 354.317 Petrolina
69%
RN 300.618 Mossoró
68%
PE 706.867 Jaboatão dos Guararapes
65%
PE 365.278 Caruaru
64%
BA 159.923 Ilhéus
61%
MA 259.337 Imperatriz
61%
BA 341.128 Vitória da Conquista
59%
BA 150.658 Porto Seguro
55%
CE 210.711 Sobral
55%
AL 233.047 Arapiraca
50%
CE 133.031 Crato
49%
PI 153.482 Parnaíba
47%
PB 108.192 Patos
46%
CE 365.212 Caucaia
45%
RN 267.036 Parnamirim
44%
PE 334.376 Paulista
44%
BA 304.302 Camaçari
43%
PE 140.577 Garanhuns
41%
BA 213.685 Itabuna
41%
PI 78.431 Picos
41%
BA 201.635 Lauro de Freitas
38%
BA 156.975 Barreiras
37%
SE 105.221 Lagarto
37%
CE 229.458 Maracanaú
36%
BA 118.516 Paulo Afonso
36%
PB 97.203 Bayeux
35%
PE 86.915 Serra Talhada
35%
PB 69.723 Sousa
35%
BA 156.126 Jequié
33%
CE 88.321 Quixadá
33%
BA 162.438 Teixeira de Freitas
33%
MA 170.222 Timon
33%
PE 208.944 Cabo de Santo Agostinho
32%
SE 96.142 Itabaiana
32%
PB 137.349 Santa Rita
32%
PE 139.583 Vitória de Santo Antão
31%
PE 74.822 Arcoverde
30%
RN 68.343 Caicó
30%
MA 113.121 Açailândia
29%
MA 123.116 Codó
29%
PE 97.669 Ipojuca
29%
CE 130.539 Itapipoca
29%
PE 100.346 Abreu e Lima
28%
BA 152.327 Alagoinhas
28%
MA 104.790 Bacabal
28%
MA 165.525 Caxias
28%
CE 103.074 Iguatu
28%
BA 90.162 Luís Eduardo Magalhães
28%
MA 95.929 Balsas
27%
PB 68.767 Cabedelo
27%
PB 62.289 Cajazeiras
27%
PE 158.899 Camaragibe
27%
PE 80.055 Goiana
27%
CE 130.346 Maranguape
27%
CE 81.778 Quixeramobim
27%
PE 61.249 Salgueiro
27%
PE 84.864 Araripina
26%
SE 185.706 Nossa Senhora do Socorro
26%
AL 73.337 Palmeira dos Índios
26%
CE 75.159 Crateús
25%
PI 60.025 Floriano
25%
PE 84.699 Gravatá
25%
MA 179.028 São José de Ribamar
25%
AL 65.790 União dos Palmares
25%
CE 61.228 Barbalha
24%
PE 109.897 Santa Cruz do Capibaribe
24%
RN 103.672 São Gonçalo do Amarante
24%
PE 118.370 Igarassu
23%
BA 80.635 Jacobina
23%
CE 59.890 Limoeiro do Norte
23%
AL 63.846 Penedo
23%
PE 114.079 São Lourenço da Mata
23%
BA 114.396 Eunápolis
22%
PI 63.787 Piripiri
22%
CE 80.935 Aquiraz
21%
CE 74.975 Aracati
20%
RN 73.886 Ceará-Mirim
20%
BA 73.524 Irecê
20%
MA 89.489 Santa Inês
20%
BA 102.380 Santo Antônio de Jesus
20%
SE 69.556 Estância
19%
CE 68.162 Icó
19%
CE 78.882 Russas
19%
BA 135.783 Simões Filho
19%
PE 76.687 Belo Jardim
18%
BA 69.662 Bom Jesus da Lapa
18%
PE 84.395 Carpina
18%
CE 68.529 Horizonte
18%
RN 81.821 Macaíba
18%
MA 123.747 Paço do Lumiar
18%
MA 63.217 Barreirinhas
17%
PE 60.880 Bezerros
17%
PE 69.292 Escada
17%
PE 69.969 Ouricuri
17%
PE 63.500 Palmares
17%
SE 91.093 São Cristóvão
17%
CE 76.537 Tianguá
17%
BA 79.424 Senhor do Bonfim
16%
BA 97.233 Valença
16%
MA 88.492 Barra do Corda
15%
CE 77.244 Canindé
15%
PE 63.294 Moreno
15%
AL 75.394 Rio Largo
15%
AL 61.797 São Miguel dos Campos
15%
BA 84.928 Guanambi
14%
CE 73.188 Pacajus
14%
PE 67.735 Pesqueira
14%
CE 63.907 Camocim
13%
CE 72.232 Cascavel
13%
MA 70.065 Grajaú
13%
MA 72.887 Santa Luzia
13%
BA 81.286 Serrinha
13%
PE 65.647 Surubim
13%
BA 67.335 Brumado
12%
BA 87.458 Candeias
12%
MA 83.777 Pinheiro
12%
MA 80.195 Chapadinha
11%
BA 82.432 Dias d'Ávila
11%
BA 76.795 Itapetinga
11%
CE 84.554 Pacatuba
11%
BA 60.131 Santo Amaro
11%
CE 61.410 Viçosa do Ceará
11%
BA 72.545 Casa Nova
10%
CE 61.738 Morada Nova
10%
PE 60.042 São Bento do Una
10%
BA 63.591 Cruz das Almas
9%
BA 64.455 Itamaraju
9%
CE 63.104 Acaraú
8%
BA 67.013 Conceição do Coité
8%
MA 65.544 Coroatá
8%
BA 60.858 Euclides da Cunha
8%
BA 64.646 Itaberaba
8%
MA 72.983 Buriticupu
7%
BA 71.487 Campo Formoso
7%
MA 68.723 Itapecuru Mirim
7%
BA 59.435 Ipirá
6%
Nenhum quiz correspondente encontrado
Distribuição das Pontuações
Porcentagem de Pessoas com Cada Pontuação
Percentil de Números Respondidos
Sua Pontuação Histórica
Você não jogou esse quiz